Normal view MARC view

Entry Personal Name

Number of records used in: 1

001 - CONTROL NUMBER

  • control field: 1236738

003 - CONTROL NUMBER IDENTIFIER

  • control field: OSt

005 - DATE AND TIME OF LATEST TRANSACTION

  • control field: 20260430150204.0

008 - FIXED-LENGTH DATA ELEMENTS

  • fixed length control field: 260430|| aca||aabn | a|a d

040 ## - CATALOGING SOURCE

  • Original cataloging agency: OSt
  • Transcribing agency: OSt

100 ## - HEADING--PERSONAL NAME

  • Personal name: Gupta Priya Au.; Sharma Yukti Gu

670 ## - SOURCE DATA FOUND

  • Source citation: Work cat.: (OSt)1849170: Gupta Priya Au.; Sharma Yukti Gu., Exploratory study of the scientic creativity amongst school children, 2019
Copyright @ Delhi University Library System